000 01034nam a2200313Ia 4500
003 OSt
005 20220912153220.0
006 a|||||r|||| 00| 0
007 ta
008 220909b |||||||| |||| 00| 0 eng d
020 _a3540555099 (hbd)
024 _a3143
037 _bApple,
037 _cTextual
040 _aCSL
_beng
_cCSL
041 _aeng
082 _aI8:11, N3
100 _aKubitzki K^eand REFs Ed
245 0 _aFlowering plants: dicotyledons, magnoliid, hamamelid and caryophyllid families ed by K Kubitzki and REFs
260 _aBerlin
_bSpringer Verlag
_c1993
300 _ap.
_ccm.
490 _a<The>families and genera of vascular plant; 2
500 _a^mPurchase^n23/CSL/I/94-95/2456^d1995-03-22; ; 94-95/676^b1995-03-27^c276/94-95^d1995-03-22^eApple Books; ; 1995-03-28^bSB^c1995-04-05^dSB
650 _a Classification
650 _a Flowering Plants
650 _aBotany
942 _hI8:11, N3
_cTEXL
_2CC
999 _c99282
_d99282